000 00490nam a2200157 4500
001 122806
003 ES-MaACL
005 20230906192038.0
007 t|
008 070214s1969 sp r ||||1| spa d
245 0 0 _aProductividad.
260 _aMadrid :
_bComisaría del Plan de Desarrollo Económico y Social,
_c1969.
300 _a141 p., 6 gráf. ;
_c30 cm.
710 2 _aEspaña.
_bComisaría del Plan de Desarrollo Económico y Social.
_93631
852 _aES-MaACL
_jC-41423
_bR.72880
999 _c122806
_d122806